000 00693nam a2200253Ia 4500
003 OSt
005 20221006145000.0
006 a|||||r|||| 00| 0
007 ta
008 221006b |||||||| |||| 00| 0 eng d
020 _a9781563246715
_c
_22.95
024 _a13,414
037 _cTextual
040 _aEASL
_cEASL
_beng
041 _2eng
_aeng
082 _aV4295:91.N94, N6
100 _aTIEN Hung-Mao Ed.
_920970
245 0 _aTaiwans electoral politics and democratic transition
260 _aLondon
_bM E Sharpe
_c1996
300 _a253p.
_ccm.
490 _v CEL
942 _hV4295:91.N94, N6
_cTEXL
_2CC
999 _c1081500
_d1081500